| 000 | 01167nam a2200301 a 4500 | ||
|---|---|---|---|
| 003 | OSt | ||
| 005 | 20131004164539.0 | ||
| 008 | 131004s2003 ag ||||| |||| 00| 0 spa d | ||
| 020 | _a950-9848-12-3 | ||
| 040 | _cBiblioteca Medicina | ||
| 041 | _aspa | ||
| 082 | _bVARIOS 0378 | ||
| 100 | 1 |
_aStamboulian, Daniel _9500 |
|
| 245 | 0 | 0 | _aControl de las Infecciones Hospitalarias. Modulo nº 5: Prevencion de infecciones en huepedes especiales |
| 250 | _a1º ed. | ||
| 260 |
_aBuenos Aires _bCentro de Consulta y Educacion Medica; _bFundacion Centro de Estudios Infectologicos _c2003 |
||
| 300 | _a54 p. | ||
| 440 | 0 | 0 |
_aEducacion Medica a Distancia _92668 |
| 653 | _aINFECCIONES HOSPITALARIAS-CONTROL | ||
| 653 | _aINFECCIONES HOSPITALARIAS-PREVENCION | ||
| 653 | _aPACIENTE NEUROTROPENICO-INFECCIONES HOSPITALARIAS | ||
| 653 | _aTRASPLANTE DE ORGANOS-INFECCIONES HOSPITALARIAS | ||
| 653 | _aHEPATITIS-INFECCIONES HOSPITALARIAS | ||
| 653 | _aNEONATOLOGIA-INFECCIONES HOSPITALARIAS | ||
| 653 | _aPEDIATRIA-INFECCIONES HOSPITALARIAS | ||
| 942 |
_2ddc _cPH |
||
| 952 |
_40 _00 _bBFM _10 _oVARIOS 0378 _d2013-10-04 _tEj. 1 _8NFIC _70 _cCR _2ddc _yPH _aBFM |
||
| 999 |
_c1746 _d1746 |
||